|
|
|
|
| LEADER |
01156nam a22003012a 4500 |
| 001 |
000952921 |
| 003 |
CZ BrMZK |
| 005 |
20091019095107.0 |
| 007 |
ta |
| 008 |
090703s1964 xr a fr|||||||||||cze d |
| 015 |
|
|
|a cnb000479731
|
| 035 |
|
|
|a (OCoLC)42089935
|
| 040 |
|
|
|a ABA001
|b cze
|c BOA001
|d ABA001
|
| 041 |
0 |
|
|a cze
|b eng
|b fre
|b ger
|
| 080 |
9 |
|
|a 711.58(021)
|
| 100 |
1 |
|
|a Press, František,
|d 1932-2004
|7 jn19990209688
|4 aut
|
| 245 |
1 |
0 |
|a Obytné soubory :
|b urbanistické zásady pro organizaci, řešení a výstavbu základních obytných útvarů /
|c František Press a kolektiv
|
| 250 |
|
|
|a 1. vyd.
|
| 260 |
|
|
|a Praha :
|b Ústav normování ve stavebnictví,
|c 1964
|f (SČT 113)
|
| 300 |
|
|
|a 155, [1] s. :
|b il. ;
|c 8°
|
| 504 |
|
|
|a Obsahuje bibliografii a bibliografické odkazy
|
| 546 |
|
|
|a Anglické, francouzské a německé resumé
|
| 550 |
|
|
|a Vydavatel: Výzkumný ústav výstavby a architektury
|
| 710 |
2 |
|
|a Výzkumný ústav výstavby a architektury
|7 kn20050505006
|
| 910 |
|
|
|a BOA001
|b 1-0519.474
|
| 990 |
|
|
|a BK
|
| 991 |
|
|
|b 200907
|
| 996 |
6 |
|
|b 2619427899
|c 1-0519.474
|l MZK
|r Sklad / do 1 hodiny
|n 1
|w 001084804
|u 000010
|a 1
|e BOA001
|j MZK50
|s P
|